| 000 | 00760nam a2200241 i 4500 | ||
|---|---|---|---|
| 001 | bg | ||
| 100 | 1 | _aCrawford, James A. | |
| 245 | 1 | 0 |
_aAdvanced phase-lock techniques / _cJames A. Crawford. |
| 260 |
_aBoston, _aLondon : _bArtech House, _ccop. 2008. |
||
| 300 |
_aXVIII, 510 s. : _bil. ; _c26 cm + _edysk optyczny CD-ROM. |
||
| 504 | _aBibliogr. przy rozdz. Indeks. | ||
| 650 | 9 | _aTelekomunikacja | |
| 650 | 9 | _aSterowanie | |
| 020 | _a9781596931404 | ||
| 040 | _cBPK | ||
| 041 | _apol | ||
| 044 | _aUSA | ||
| 080 | _a621.391 | ||
| 920 | _a978-1-59693-140-4 | ||
| 942 | _cKS | ||
| 008 | 090525s2006 uska f |000 0 eng | ||
| 999 |
_c56545 _d56545 |
||
| 856 |
_uhttp://koha.tu.koszalin.pl/cgi-bin/koha/opac-detail.pl?biblionumber=56545 _yKatalog online BPK |
||